| 000 | 00649nam a2200241Ia 4500 | ||
|---|---|---|---|
| 003 | OSt | ||
| 005 | 20220918175855.0 | ||
| 006 | a|||||r|||| 00| 0 | ||
| 007 | ta | ||
| 008 | 220917b |||||||| |||| 00| 0 eng d | ||
| 024 | _a19,390 | ||
| 037 | _cTextual | ||
| 040 |
_aARTS _cARTS _beng |
||
| 041 |
_2eng _aeng |
||
| 082 | _aQ2:(R), M0 | ||
| 100 |
_aPatel Satyavrata _955079 |
||
| 245 | 0 |
_aHinduism _b religion and way of life |
|
| 260 |
_aNew Delhi _bAssociated Pub House _c1980 |
||
| 300 |
_a165p. _ccm. |
||
| 650 |
_aHINDUISM; RELIGION _922188 |
||
| 942 |
_hQ2:(R), M0 _cTEXL _2CC |
||
| 999 |
_c159323 _d159323 |
||